000
00325nam a2200133 a 4500
005
20140414173342.0
008
110805s19uu xx 00 eng d
050
_a
TR 425
_b
L11 2009
100
_a
Lachance, Julie
245
_a
Basic English.
260
_a
New York :
_b
Mcgraw Hill,
_c
2009.
942
_c
BK
999
_c
115456
_d
115456